000 00418nam a2200181Ia 4500
001 14796
005 20260306164940.0
008 260306t2004||||xx |||||||||||||| ||spa||
041 _aESP
082 _a519.3
_bD92
100 _aDorigo, Marco
_eAUT
245 0 _aAnt colony optimization
260 _c2004
300 _axi, 305 páginas :
_c24 cm.
650 _aGEN
654 _aCMA
942 _cLIB
_dJUS
_fJUS
_2ddc
_n
999 _c14796
_d14796